Marcas que começam com D - Statistics

Estatísticas Gerais
  • Esse quiz foi jogado 24 vezes
  • A pontuação média é 4 de 35
Estatísticas das Respostas
Hint Resposta % Correto
1. Danone
56%
11. Disney
39%
18. Dodge
33%
7. Dolce Gabbana
33%
15. Doritos
33%
16. Dove
33%
26. Dell
22%
9. Dia %
17%
20. Dunkin' Donuts
17%
23. DC Comics
11%
27. Deezer
11%
2. Delta
11%
10. Diesel
11%
33. DreamWorks
11%
35. Dunlop
11%
21. Duracell
11%
3. Danette
6%
5. DC Shoes
6%
6. Denny's
6%
29. Diadora
6%
12. Disney Chanel
6%
14. Dr Pepper
6%
4. Daninho
0%
25. Decathlon
0%
24. De’Longhi
0%
30. Delta Air Lines
0%
28. Destak
0%
8. DHL
0%
31. DKNY
0%
13. Domínio's Pizza
0%
32. Dom Pérignon
0%
17. Dr.Bayard
0%
34. Dr. Oetker
0%
19. Ducati
0%
22. Durex
0%
Nenhum quiz correspondente encontrado
Distribuição das Pontuações
Porcentagem de Pessoas com Cada Pontuação
Percentil de Números Respondidos
Sua Pontuação Histórica
Você não jogou esse quiz